Normal view
MARC view
Entry Topical Term
001 - CONTROL NUMBER
- control field: 13385
003 - CONTROL NUMBER IDENTIFIER
- control field: BD-RjUL
005 - DATE AND TIME OF LATEST TRANSACTION
- control field: 20240630094130.0
008 - FIXED-LENGTH DATA ELEMENTS
- fixed length control field: 240630|| aca||aabn | a|a d
040 ## - CATALOGING SOURCE
- Original cataloging agency: BD-RjUL
- Transcribing agency: BD-RjUL
150 ## - HEADING--TOPICAL TERM
- Topical term or geographic name entry element: Animal Husbandry
- Form subdivision: Chicken Breeds
670 ## - SOURCE DATA FOUND
- Source citation: Work cat.: (BD-RjUL)83934: Jahan, Syed Sarwar 1929, Performance of Exotic, Hybrid and Indigenous Chicken Breeds Under Farm and Semi Scavenging Condition /, 2011